00465nam a22001577a 450000500170000000800410001704000070005804100120006508200230007710000270010024500460012726000480017330000260022165000330024770000270028020221102142414.0221102b ||||| |||| 00| 0 eng d cAL aEnglish 223a364.1323bLOKR aLokayukta of Karnataka aRelentless fight against corruption Vol 6 aBangalorebStationery and Publicationc2006 a176 p.bPBc29x21 cm. aKarnataka Lokayukta Act 1984 aLOKAYUKTA OF KARNATAKA